Telesná výchova pre oslabených študentov na VŠ

Gespeichert in:
Bibliographische Detailangaben
1. Verfasser: Voltnerová, Zuzana, 1964-
Format: Buchkapitel
Sprache:Slowakisch
Schlagworte:
Tags: Tag hinzufügen
Keine Tags, Fügen Sie das erste Tag hinzu!

MARC

LEADER 00000naa a2200000 4500
001 0306598
005 20251028110452.2
041 0 |a slo 
044 |a SK 
245 1 0 |a Telesná výchova pre oslabených študentov na VŠ  |c Zuzana Voltnerová 
500 |a Abstrakt 
610 2 0 |a šport 
610 2 0 |a vysokoškoláci 
610 2 0 |a študenti 
610 2 0 |a školy vysoké 
610 2 0 |a technika 
610 2 0 |a metodika 
610 2 0 |a efektívnosť 
100 1 |a Voltnerová, Zuzana, 1964-